[Event "Jonas Franz"]
[Site "http://www.queenalice.com/game.php?id=252768"]
[Date "2007.8.8"]
[Round "2"]
[White "PotHix"]
[Black "quarteira"]
[Result "1-0"]
[WhiteElo "1516"]
[BlackElo "1437"]

1. d4 e6 2. c4 c5 3. Nf3 Nf6 4. Bg5 cxd4 5. Qxd4 Qa5+ 6. Nc3 Nh5 7. a3 f6 8. b4
Qf5 9. g4 Qg6 10. gxh5 Qxh5 11. Bd2 Nc6 12. Qd3 b6 13. Nb5 Rb8 14. Rg1 Ne5 15.
Nxe5 Qxe5 16. Bc3 Qxh2 17. Qg3 Qh5 18. Qxb8 Kd8 19. Nxa7 e5 20. Nxc8 Qh2 21.
Nxb6+ Ke7 22. Bg2 Qxg1+ 23. Bf1 Qg6 24. e3 Qe8 25. Qb7 Kf7 26. Rd1 h5 27. Bh3 h4
28. Nxd7 Bd6 29. Rxd6 Qb8 30. Nxb8+ 1-0

[Event "Almost September"]
[Site "http://www.queenalice.com/game.php?id=262405"]
[Date "2007.8.27"]
[Round "-"]
[White "GeGo"]
[Black "quarteira"]
[Result "1-0"]
[WhiteElo "1714"]
[BlackElo "1394"]

1. d4 e6 2. e4 d5 3. e5 f5 4. f4 Qh4+ 5. g3 Qe7 6. c3 c5 7. Qa4+ Bd7 8. Bb5 a6
9. Bxd7+ Nxd7 10. Be3 cxd4 11. cxd4 b5 12. Qa5 Qb4+ 13. Qxb4 Bxb4+ 14. Nd2 Nh6
15. h3 Nb6 16. b3 a5 17. a3 1-0

[Event "Challenge"]
[Site "http://www.queenalice.com/game.php?id=263872"]
[Date "2007.8.30"]
[Round "-"]
[White "junior68"]
[Black "quarteira"]
[Result "1-0"]
[WhiteElo "1018"]
[BlackElo "1437"]

1. Nc3 Nf6 2. d4 e6 3. e4 Bb4 4. Qd2 Nxe4 5. Qe2 d5 6. f3 Bxc3+ 7. bxc3 Nxc3 8.
Qd3 Na4 9. f4 O-O 10. Qb3 Bd7 11. Ba3 Re8 12. O-O-O Qg5 13. fxg5 1-0

[Event "Challenge"]
[Site "http://www.queenalice.com/game.php?id=263873"]
[Date "2007.8.30"]
[Round "-"]
[White "junior68"]
[Black "quarteira"]
[Result "0-1"]
[WhiteElo "1132"]
[BlackElo "1404"]

1. Nc3 Nf6 2. d4 Ng4 3. Nh3 e5 4. Na4 Nc6 5. f3 Ne3 6. Bxe3 Bb4+ 7. Bd2 d6 8. d5
Bxd2+ 9. Qxd2 Nd4 10. O-O-O Bxh3 11. gxh3 O-O 12. f4 Nf5 13. fxe5 dxe5 14. Qb4
Qd6 15. Qe4 Ne7 16. e3 Nxd5 17. Rxd5 Qg6 18. Nc3 c6 19. Rxe5 f6 20. Re7 Rae8 21.
Rxb7 Rxe4 22. Nxe4 Qxe4 23. Kd2 Qxh1 24. Be2 Rd8+ 25. Kc3 Qe1+ 26. Kb3 Qxe2 27.
Rxa7 Qxe3+ 28. c3 Qxa7 29. a3 Qb6+ 30. Ka2 c5 31. b4 Qe6+ 32. Kb2 Rd2+ 33. Kc1
Qe1# 0-1

[Event "Challenge"]
[Site "http://www.queenalice.com/game.php?id=264311"]
[Date "2007.8.31"]
[Round "-"]
[White "cdare"]
[Black "quarteira"]
[Result "1-0"]
[WhiteElo "1636"]
[BlackElo "1411"]

1. e4 e5 2. Nf3 Qf6 3. Nc3 Nc6 4. Bc4 Bb4 5. Nd5 Qd6 6. O-O Qc5 7. d3 d6 8.
Nxc7+ Kf8 9. Nxa8 Nd8 10. a3 Bg4 11. axb4 Qxb4 12. Bb3 Qc5 13. Be3 Qc8 14. Bxa7
Qxa8 15. Qe2 Nc6 16. Bc5 Qd8 17. Be3 d5 18. Bxd5 Nf6 19. Bxc6 bxc6 20. Ra3 Bxf3
21. Qxf3 h5 22. Bc5+ Kg8 23. Qf5 Nd7 24. Ra7 Nxc5 25. Qxf7+ Kh7 26. Qxg7# 1-0

[Event "Challenge"]
[Site "http://www.queenalice.com/game.php?id=264312"]
[Date "2007.8.31"]
[Round "-"]
[White "quarteira"]
[Black "cdare"]
[Result "0-1"]
[WhiteElo "1424"]
[BlackElo "1708"]

1. e3 e5 2. Qf3 Nf6 3. Nc3 Nc6 4. Bb5 Nb4 5. Ba4 Bc5 6. e4 O-O 7. Nd5 Nbxd5 8.
exd5 d6 9. d3 Ng4 10. c3 Nxf2 11. d4 Bxd4 12. cxd4 Nxh1 13. Ne2 exd4 14. Qf1
Qh4+ 15. g3 Qe4 16. Qf4 Qxd5 17. Bb3 Qg2 18. Qf1 Qxh2 19. Bd5 Nxg3 20. Qg1 Qxe2#
0-1

[Event "Dominicini"]
[Site "http://www.queenalice.com/game.php?id=266073"]
[Date "2007.9.3"]
[Round "1"]
[White "quarteira"]
[Black "HERMIONE"]
[Result "0-1"]
[WhiteElo "1408"]
[BlackElo "1834"]

1. e4 e5 2. Nf3 Nc6 3. Bc4 Bc5 4. d4 exd4 5. Bg5 Be7 6. Bb5 Bxg5 7. Nxd4 Nxd4 8.
Qxd4 Bf6 9. e5 Be7 10. Nc3 c6 11. Bc4 d5 12. Bxd5 cxd5 13. Qxd5 Qxd5 14. Nxd5
Bd8 15. Rd1 Ne7 16. f4 Nxd5 17. Rxd5 Be6 18. Rd2 Ba5 19. c3 O-O 20. b4 Bb6 21.
Rf1 Rad8 22. Rxd8 Rxd8 23. a4 a5 24. f5 Bb3 25. e6 fxe6 26. Rf4 exf5 27. Rxf5
Rd5 28. Rf2 Bxf2+ 29. Kxf2 Bxa4 30. Ke3 axb4 31. cxb4 Rb5 32. Kf3 Rxb4 33. g4 b5
34. Ke3 Rxg4 35. Kd3 b4 36. h3 Rh4 37. Kd2 b3 38. Kc3 Rxh3+ 39. Kb2 Rh2+ 40. Ka3
b2 0-1

[Event "Challenge"]
[Site "http://www.queenalice.com/game.php?id=270583"]
[Date "2007.9.12"]
[Round "-"]
[White "junior68"]
[Black "quarteira"]
[Result "0-1"]
[WhiteElo "1116"]
[BlackElo "1409"]

1. Nf3 Nc6 2. Nc3 e5 3. e4 Nf6 4. d3 Bb4 5. Nh4 Bxc3+ 6. bxc3 d6 7. Bg5 h6 8.
Bxf6 Qxf6 9. g3 Be6 10. a4 d5 11. Bg2 d4 12. c4 a6 13. f3 Rd8 14. a5 b6 15. axb6
cxb6 16. Rxa6 Nb4 17. Rxb6 Na2 18. Rb2 Nc3 19. Qd2 g5 20. Ng6 Qxg6 21. Rb6 g4
22. c5 f6 23. Rxe6+ Kf7 24. Ra6 Ra8 25. Rxa8 Rxa8 26. Kf2 Rc8 27. fxg4 Qxg4 28.
Qxh6 Qe2+ 29. Kg1 Qe1+ 30. Bf1 Rxc5 31. Qh5+ Ke7 32. Kg2 Qd2+ 33. Kh3 Qxc2 34.
Qh7+ Kf8 35. Bg2 Qxd3 36. Qh8+ Kf7 37. Ra1 Nb5 38. Ra6 f5 39. Qh5+ Kg7 40. Qxf5
Qd1 41. Qxe5+ Rxe5 42. Rb6 Qh5# 0-1

[Event "Challenge"]
[Site "http://www.queenalice.com/game.php?id=275570"]
[Date "2007.9.22"]
[Round "-"]
[White "quarteira"]
[Black "cdare"]
[Result "0-1"]
[WhiteElo "1393"]
[BlackElo "1649"]

1. Nf3 d5 2. e3 Nf6 3. Bb5+ Bd7 4. Nc3 Bxb5 5. Nxb5 c6 6. Nbd4 Nbd7 7. Ng5 e5 8.
Nf5 h6 9. Nf3 e4 10. N3d4 g6 11. Nd6+ Bxd6 12. Nb3 Qc7 13. f4 O-O-O 14. Nd4 h5
15. h3 Qb6 16. h4 Ng4 17. f5 Bg3+ 18. Kf1 Nf2 19. Qe2 Nxh1 20. fxg6 fxg6 21. a4
Bxh4 22. Kg1 Ng3 23. Qf2 Qc7 24. Qf4 Qxf4 25. exf4 Rde8 26. Kh2 Nf5 27. Nf3 Bg3+
28. Kh3 Bxf4 29. Ne1 Ng3 30. d3 Bxc1 31. Rxc1 Ne2 32. Rd1 e3 33. a5 Nf4+ 34. Kh2
Nf6 35. g3 Ne6 36. Nf3 Nc5 37. d4 Ng4+ 38. Kh3 Nf2+ 39. Kh4 Nxd1 40. dxc5 Nxb2
41. Ng5 e2 0-1

[Event "Challenge"]
[Site "http://www.queenalice.com/game.php?id=278251"]
[Date "2007.9.28"]
[Round "-"]
[White "cdare"]
[Black "quarteira"]
[Result "1-0"]
[WhiteElo "1643"]
[BlackElo "1413"]

1. e4 d5 2. exd5 Qxd5 3. Nc3 Qe5+ 4. Be2 Nc6 5. Nf3 Qc5 6. d4 Qd6 7. Nb5 Qd7 8.
Bf4 Rb8 9. Bxc7 Ra8 10. Bf4 a6 11. Nc7+ Kd8 12. Nxa8 Qf5 13. Bc7+ Ke8 14. O-O
Nb4 15. c3 Nd5 16. Ba5 Qd7 17. Qb3 Qf5 18. Nb6 Ngf6 19. Nxd5 Nxd5 20. Rfe1 Nf4
21. Qb6 Qh5 22. Qd8# 1-0

[Event "Jonas Franz"]
[Site "http://www.queenalice.com/game.php?id=293014"]
[Date "2007.10.25"]
[Round "3"]
[White "shady66"]
[Black "quarteira"]
[Result "1-0"]
[WhiteElo "1438"]
[BlackElo "1408"]

1. e4 Nc6 2. d4 Nf6 3. e5 Ne4 4. Nh3 e6 5. a3 d6 6. Bf4 g5 7. Qf3 d5 8. Be3 a6
9. Bd3 f5 10. exf6 Qxf6 11. Qxf6 Nxf6 12. Nxg5 e5 13. f3 h6 14. Nh3 e4 15. Be2
Bxh3 16. gxh3 b5 17. Nd2 b4 18. a4 a5 19. fxe4 dxe4 20. Bb5 Kd7 21. O-O-O Kd6
22. Nb3 Ne7 23. Bc4 Nf5 24. Bf4+ Kd7 25. Rde1 Bd6 26. Be5 Bxe5 27. dxe5 Ne8 28.
Rxe4 c6 29. Nc5+ Ke7 30. Rf1 Nfg7 31. Rd4 Rd8 32. Rf7# 1-0

[Event "Challenge"]
[Site "http://www.queenalice.com/game.php?id=293382"]
[Date "2007.10.26"]
[Round "-"]
[White "quarteira"]
[Black "junior68"]
[Result "1-0"]
[WhiteElo "1387"]
[BlackElo "1210"]

1. e4 e5 2. Nc3 c6 3. Nf3 Bc5 4. Nxe5 Qf6 5. Ng4 Na6 6. Nxf6+ Nxf6 7. Na4 Nxe4
8. Qf3 d5 9. Bxa6 Bb4 10. Bf1 Bxd2+ 11. Bxd2 Nd6 12. Qe3+ Kf8 13. Bb4 c5 14.
Bxc5 Bd7 15. Bxd6+ Kg8 16. Qe5 Bc6 17. b3 b5 18. Bc5 bxa4 19. Bd4 g6 20. Qg7#
1-0

[Event "Challenge"]
[Site "http://www.queenalice.com/game.php?id=293762"]
[Date "2007.10.27"]
[Round "-"]
[White "cdare"]
[Black "quarteira"]
[Result "1-0"]
[WhiteElo "1664"]
[BlackElo "1386"]

1. e4 e6 2. Nf3 Nc6 3. Nc3 e5 4. Bc4 Bb4 5. d3 Bxc3+ 6. bxc3 d6 7. h3 Nf6 8. Be3
d5 9. Bb5 Qd6 10. O-O dxe4 11. Bxc6+ Qxc6 12. Nxe5 Qxc3 13. Nc4 b5 14. Bd2 Qd4
15. Ne3 exd3 16. cxd3 Qxd3 17. Qc1 Ne4 18. Qc6+ Kd8 19. Qxa8 Qxd2 20. Rad1 b4
21. Rxd2+ Nxd2 22. Qd5+ Ke8 23. Qxd2 Kf8 24. Qd8# 1-0

[Event "Challenge"]
[Site "http://www.queenalice.com/game.php?id=294245"]
[Date "2007.10.28"]
[Round "-"]
[White "caraumar"]
[Black "quarteira"]
[Result "1-0"]
[WhiteElo "1551"]
[BlackElo "1396"]

1. d4 Nf6 2. e3 Ne4 3. Bd3 Ng5 4. h4 Ne6 5. Nh3 c5 6. d5 Nc7 7. Qf3 e6 8. Ng5 f6
9. Qh5+ Ke7 10. Qf7+ Kd6 11. Nxh7 Nxd5 12. Nxf8 Rxf8 13. Qxg7 Rg8 14. Qh7 f5 15.
g3 Nf6 16. Qh6 Nc6 17. Nc3 e5 18. e4 Qa5 19. Qxf6+ Kc7 20. b4 Qxb4 21. Bd2 c4
22. Nd5+ Kb8 23. Bxb4 f4 24. Qd6# 1-0

[Event "Desafio"]
[Site "http://www.queenalice.com/game.php?id=296719"]
[Date "2007.11.1"]
[Round "-"]
[White "quarteira"]
[Black "Luke1416"]
[Result "0-1"]
[WhiteElo "1379"]
[BlackElo "1622"]

1. e3 e5 2. Nc3 Nf6 3. Nf3 d6 4. Bb5+ Bd7 5. h3 a6 6. Bc4 b5 7. Bf1 Be7 8. d4
exd4 9. exd4 O-O 10. a3 c5 11. d5 b4 12. axb4 cxb4 13. Na2 a5 14. Bf4 Qe8 15.
Qd3 Na6 16. g4 Nc5 17. Qd4 Qb8 18. g5 Nh5 19. Bd3 Nxd3+ 20. cxd3 b3 21. Nc3 Nxf4
22. Qxf4 Re8 23. Ne4 Qb4+ 24. Kf1 a4 25. Kg2 a3 26. bxa3 Rxa3 27. Rxa3 Qxa3 28.
h4 b2 29. Nf6+ Bxf6 30. gxf6 Qxd3 31. fxg7 Qg6+ 32. Ng5 Re7 33. Qd4 b1=Q 34.
Rxb1 Qxb1 35. Qf6 Qe1 0-1

[Event "Challenge"]
[Site "http://www.queenalice.com/game.php?id=305031"]
[Date "2007.11.16"]
[Round "-"]
[White "quarteira"]
[Black "cdare"]
[Result "0-1"]
[WhiteElo "1384"]
[BlackElo "1648"]

1. h3 e5 2. Nf3 Nc6 3. Nc3 Nf6 4. a3 Bc5 5. e3 d6 6. Bb5 Bd7 7. e4 a6 8. Bxc6
Bxc6 9. d3 h6 10. O-O Qe7 11. Qe1 O-O-O 12. b4 Ba7 13. d4 exd4 14. Nxd4 Bxd4 15.
Bb2 Nxe4 16. Nd1 Bxb2 17. Nxb2 Rhe8 18. a4 Qg5 19. Rd1 Nc3 20. Qxc3 Qxg2# 0-1

[Event "Challenge"]
[Site "http://www.queenalice.com/game.php?id=312822"]
[Date "2007.11.30"]
[Round "-"]
[White "cdare"]
[Black "quarteira"]
[Result "1-0"]
[WhiteElo "1704"]
[BlackElo "1371"]

1. e4 Nc6 2. Nf3 e5 3. Nc3 Bb4 4. Bc4 Qf6 5. d3 Bxc3+ 6. bxc3 d6 7. Bg5 Qg6 8.
h3 h6 9. Bxf7+ Qxf7 10. Be3 Nf6 11. O-O d5 12. Bc5 dxe4 13. dxe4 Nxe4 14. Bb4 g5
15. Qe1 Nxb4 16. cxb4 g4 17. Nxe5 Qf5 18. Nxg4 Qg6 19. f3 Rf8 20. c4 h5 21. Ne3
Bxh3 22. Qe2 Nc3 23. Qc2 Rg8 24. Qxg6+ Rxg6 25. Rfe1 Kf8 26. Kh2 Be6 27. a3 Rd8
28. c5 Nd5 29. Rad1 h4 30. Nxd5 Rxd5 31. Rxe6 Rgg5 32. Rxd5 Rxd5 33. Re1 c6 34.
Kh3 Rd4 35. Re4 Rd3 36. a4 Rb3 37. Kxh4 Rd3 38. Kg4 Rd5 39. Kf4 1-0

[Event "Challenge"]
[Site "http://www.queenalice.com/game.php?id=319438"]
[Date "2007.12.13"]
[Round "-"]
[White "quarteira"]
[Black "cdare"]
[Result "0-1"]
[WhiteElo "1368"]
[BlackElo "1707"]

1. a3 e5 2. Nc3 Nf6 3. Nf3 Nc6 4. h3 d5 5. e3 Bd6 6. Bb5 Bd7 7. g4 a6 8. Bxc6
Bxc6 9. g5 Nd7 10. h4 g6 11. d3 Qe7 12. b4 b5 13. d4 e4 14. Ne5 Nxe5 15. dxe5
Bxe5 16. Bb2 O-O 17. Rb1 Rad8 18. f4 Bg7 19. h5 Bb7 20. a4 c5 21. hxg6 fxg6 22.
axb5 cxb4 23. Na4 Bxb2 24. Rxb2 a5 25. c3 bxc3 0-1